| 000 | 00545nam a22002057i 4500 | ||
|---|---|---|---|
| 001 | 368 | ||
| 003 | OSt | ||
| 005 | 20170126082242.0 | ||
| 007 | tu | ||
| 008 | 161220s1985 xxu||||| |||| 00| 0 d | ||
| 024 | 7 |
_a367 _2RID |
|
| 040 | _cOSt | ||
| 084 |
_a3.71 _2z |
||
| 242 | 0 | 0 | _aAktuelle Probleme der Wirtschaftsentwicklung und Wirtschafts |
| 245 | 0 | 0 | _aAktuelni problemi privrednih kretanja i ekonomske politike Jugoslavije |
| 260 |
_aZagreb, _c1985. |
||
| 300 |
_a264 S. ; _c21cm. |
||
| 651 | _aYugoslavia | ||
| 110 | 2 |
_aEkonomski Institut, Zagreb _eEd. |
|
| 942 | _cB | ||
| 999 |
_c363 _d363 |
||